Fr. Conceicao Rodrigues College of Engineering

Production Planning with SAP-APO-PP/DS (Record no. 30736)

MARC details
000 -LEADER
fixed length control field 00377nam a2200157Ia 4500
082 ## - DEWEY DECIMAL CLASSIFICATION NUMBER
Classification number 658.503/BAL
Item number BAL
100 ## - MAIN ENTRY--PERSONAL NAME
Personal name Balla/Jochen/ Layer/Frank
245 ## - TITLE STATEMENT
Title Production Planning with SAP-APO-PP/DS
260 ## - PUBLICATION, DISTRIBUTION, ETC.
Name of publisher, distributor, etc. SAP Press
Place of publication, distribution, etc. USA
Date of publication, distribution, etc. 2007
366 ## - TRADE AVAILABILITY INFORMATION
Publishers's discount category 20
300 ## - PHYSICAL DESCRIPTION
Extent 336
546 ## - LANGUAGE NOTE
Language note ENGLISH
650 ## - SUBJECT ADDED ENTRY--TOPICAL TERM
Topical term or geographic name entry element Production Planning
654 ## - SUBJECT ADDED ENTRY--FACETED TOPICAL TERMS
Focus term production planning
942 ## - ADDED ENTRY ELEMENTS (KOHA)
Koha item type Reference Book
Holdings
Withdrawn status Lost status Damaged status Not for loan Collection Home library Current library Date acquired Source of acquisition Cost, normal purchase price Inventory number Total Checkouts Full call number Barcode Date last seen Cost, replacement price Price effective from Koha item type
        CRC Fr. Agnel's C.Rodrigues College of Engineering Fr. Agnel's C.Rodrigues College of Engineering 17/03/2023 United Book Distributors 2910.90 6280 dt 26/03/2008   658.503/BAL BAL 18612 17/03/2023 2930.90   Reference Book